Statistics for NFL Tile Select

Click here to take the quiz!

General Stats

  • This quiz has been taken 33 times
  • The average score is 26 of 32

Answer Stats

QuestionTileSelect% Correct
every player that still plays in the NFLPeyton manningNo
100%
Players that have ever played for the brownsBaker mayfieldYes
96%
Players that have ever played for the brownsBarry sandersNo
96%
every player that still plays in the NFLBerny KoasarNo
96%
Players that have ever played for the brownsDion sandersNo
96%
Players that have ever played for the brownsJerry riceNo
96%
Players that have ever played for the brownsRandy mossNo
96%
Players that have ever played for the brownsStephon gilmoreNo
96%
every player that still plays in the NFLAaron rodgersYes
92%
every player that still plays in the NFLDerek HenryYes
92%
every player that still plays in the NFLEli manningNo
92%
Players that have ever played for the brownsLamar jacksonNo
92%
Players that have ever played for the brownsOdell beckham jrYes
92%
every player that still plays in the NFLTom bradyYes
92%
Players that have ever played for the brownsAntonio BrownNo
88%
every player that still plays in the NFLDerek carrYes
88%
every player that still plays in the NFLDrew breesNo
88%
Players that have ever played for the brownsJarvis landryYes
88%
every player that still plays in the NFLJulian eldlemenNo
88%
every player that still plays in the NFLJulio jonesYes
88%
every player that still plays in the NFLKareem huntYes
88%
Players that have ever played for the brownsAJ greenNo
85%
Players that have ever played for the brownsAndy daltonNo
85%
every player that still plays in the NFLJames connerYes
81%
every player that still plays in the NFLMatt ryanYes
81%
every player that still plays in the NFLDenzel wardYes
77%
Players that have ever played for the brownsOtto grahamYes
77%
Players that have ever played for the brownsOzzie newsomeYes
69%
every player that still plays in the NFLRichard shermanNo
42%
Players that have ever played for the brownsAnthony walker jrYes
31%
Players that have ever played for the brownsEd "Too Tall" JonesYes
15%
every player that still plays in the NFLJ.O.KYes
15%

Score Distribution

Percentile by Number Answered

Percent of People with Each Score

Your Score History

You have not taken this quiz